[Event "FICGS class C 000197 email"]
[Site "FICGS email"]
[Date "2013.10.09"]
[Round "1"]
[White "Tanda, Giovanni"]
[Black "Altieri, Carlo"]
[Result "0-1"]
[WhiteElo "1834"]
[BlackElo "1990"]
[PlyCount "22"]
[EventDate "2013.??.??"]
[EventType "tourn (corr)"]
[EventRounds "4"]
[SourceTitle "Corr 2022"]
[Source "ChessBase"]
[SourceDate "2021.10.24"]
[SourceVersion "1"]
[SourceVersionDate "2021.10.24"]
[SourceQuality "1"]

1. d4 Nf6 2. Bf4 d5 3. e3 Bf5 4. Nd2 e6 5. c4 Nc6 6. Ngf3 Bd6 7. Bxd6 cxd6 8. cxd5 exd5 9. Qb3 0-0 10. Bd3 Na5 11. Qa3 Bxd3 0-1

[Event "FICGS class C 000196 email"]
[Site "FICGS email"]
[Date "2013.09.08"]
[Round "1"]
[White "Vasquez, Fernando Jose Pinto"]
[Black "Tanda, Giovanni"]
[Result "1-0"]
[WhiteElo "1950"]
[BlackElo "1834"]
[PlyCount "21"]
[EventDate "2013.??.??"]
[EventType "tourn (corr)"]
[EventRounds "4"]
[SourceTitle "Corr 2022"]
[Source "ChessBase"]
[SourceDate "2021.10.24"]
[SourceVersion "1"]
[SourceVersionDate "2021.10.24"]
[SourceQuality "1"]

1. e4 c6 2. d4 d5 3. e5 c5 4. dxc5 e6 5. Be3 Qc7 6. Nc3 a6 7. Qg4 Nc6 8. Nf3 Nxe5 9. Nxe5 Qxe5 10. 0-0-0 Bd7 11. Qf3 1-0

[Event "FICGS class A 000139 email"]
[Site "FICGS email"]
[Date "2013.05.13"]
[Round "1"]
[White "Tanda, Giovanni"]
[Black "Kopasov, Evgeny Aleksandrovi"]
[Result "0-1"]
[WhiteElo "2044"]
[BlackElo "2091"]
[PlyCount "30"]
[EventDate "2013.??.??"]
[EventType "tourn (corr)"]
[EventRounds "6"]
[SourceTitle "Corr 2022"]
[Source "ChessBase"]
[SourceDate "2021.10.24"]
[SourceVersion "1"]
[SourceVersionDate "2021.10.24"]
[SourceQuality "1"]

1. d4 Nf6 2. Bf4 g6 3. e3 Bg7 4. Nf3 0-0 5. Be2 d6 6. 0-0 c5 7. c3 b6 8. h3 Bb7 9. a4 a6 10. Na3 Nbd7 11. Qb3 Qc7 12. Rfd1 Rac8 13. Bh2 cxd4 14. exd4 Rfe8 15. Nc2 Bh6 0-1

[Event "FICGS class A 000138 email"]
[Site "FICGS email"]
[Date "2013.04.27"]
[Round "1"]
[White "Cade, Stephen"]
[Black "Tanda, Giovanni"]
[Result "1/2-1/2"]
[WhiteElo "2070"]
[BlackElo "2073"]
[PlyCount "32"]
[EventDate "2013.??.??"]
[EventType "tourn (corr)"]
[EventRounds "6"]
[SourceTitle "Corr 2022"]
[Source "ChessBase"]
[SourceDate "2021.10.24"]
[SourceVersion "1"]
[SourceVersionDate "2021.10.24"]
[SourceQuality "1"]

1. d4 d5 2. c4 c6 3. Nf3 Nf6 4. Nc3 a6 5. c5 Bf5 6. Bf4 Nbd7 7. e3 Nh5 8. Be5 Nhf6 9. Bd3 Bg4 10. h3 Bxf3 11. Qxf3 Nxe5 12. dxe5 Nd7 13. e6 Ne5 14. exf7+ Nxf7 15. 0-0 e6 16. Na4 Qf6 1/2-1/2

[Event "FICGS theme 0001 email"]
[Site "FICGS email"]
[Date "2013.03.17"]
[Round "1"]
[White "Hallqvist, Niklas"]
[Black "Tanda, Giovanni"]
[Result "1-0"]
[WhiteElo "2053"]
[BlackElo "2073"]
[PlyCount "21"]
[EventDate "2013.??.??"]
[EventType "swiss (corr)"]
[EventRounds "1"]
[SourceTitle "Corr 2022"]
[Source "ChessBase"]
[SourceDate "2021.10.24"]
[SourceVersion "1"]
[SourceVersionDate "2021.10.24"]
[SourceQuality "1"]

1. e4 e5 2. f4 exf4 3. Bc4 d5 4. Bxd5 Nf6 5. Nc3 Bb4 6. Nf3 0-0 7. 0-0 c6 8. Bb3 Bxc3 9. dxc3 Qxd1 10. Rxd1 Nxe4 11. Bxf4 1-0

[Event "FICGS theme 0001 email"]
[Site "FICGS email"]
[Date "2013.02.23"]
[Round "1"]
[White "Sorcinelli, Andrea"]
[Black "Tanda, Giovanni"]
[Result "1/2-1/2"]
[WhiteElo "1961"]
[BlackElo "2072"]
[PlyCount "35"]
[EventDate "2013.??.??"]
[EventType "swiss (corr)"]
[EventRounds "1"]
[SourceTitle "Corr 2022"]
[Source "ChessBase"]
[SourceDate "2021.10.24"]
[SourceVersion "1"]
[SourceVersionDate "2021.10.24"]
[SourceQuality "1"]

1. e4 e5 2. f4 exf4 3. Nf3 Be7 4. Be2 d5 5. exd5 Bh4+ 6. Kf1 Bf6 7. d4 Ne7 8. Nc3 0-0 9. Bxf4 Nxd5 10. Nxd5 Qxd5 11. Bxc7 Re8 12. c3 Nc6 13. Qb3 Qf5 14. Qb5 Qg4 15. Re1 a6 16. Qc4 Qh5 17. Qc5 Qg6 18. d5 1/2-1/2

[Event "FICGS theme 0001 email"]
[Site "FICGS email"]
[Date "2013.02.23"]
[Round "1"]
[White "Tanda, Giovanni"]
[Black "O Brien, Glenn"]
[Result "0-1"]
[WhiteElo "2072"]
[BlackElo "1623"]
[PlyCount "34"]
[EventDate "2013.??.??"]
[EventType "swiss (corr)"]
[EventRounds "1"]
[SourceTitle "Corr 2022"]
[Source "ChessBase"]
[SourceDate "2021.10.24"]
[SourceVersion "1"]
[SourceVersionDate "2021.10.24"]
[SourceQuality "1"]

1. e4 e5 2. f4 exf4 3. Nf3 g5 4. Bc4 g4 5. 0-0 gxf3 6. Qxf3 Qf6 7. e5 Qxe5 8. Bxf7+ Kxf7 9. d4 Qf5 10. Bxf4 Nf6 11. Qb3+ Qe6 12. Qd3 Na6 13. Nc3 Bg7 14. Be5 Nb4 15. Qg3 Nbd5 16. Nxd5 Qxd5 17. Bxf6 Bxf6 0-1

[Event "FICGS class A 000131 email"]
[Site "FICGS email"]
[Date "2012.12.13"]
[Round "1"]
[White "Aarnos, Mikko"]
[Black "Tanda, Giovanni"]
[Result "1/2-1/2"]
[WhiteElo "2000"]
[BlackElo "2083"]
[PlyCount "26"]
[EventDate "2012.??.??"]
[EventType "tourn (corr)"]
[EventRounds "6"]
[SourceTitle "Corr 2022"]
[Source "ChessBase"]
[SourceDate "2021.10.24"]
[SourceVersion "1"]
[SourceVersionDate "2021.10.24"]
[SourceQuality "1"]

1. Nf3 d5 2. d4 c6 3. c4 Nf6 4. Nc3 a6 5. c5 Nbd7 6. Bf4 Nh5 7. e3 g6 8. Bd3 Bg7 9. 0-0 0-0 10. Bg5 Re8 11. e4 dxe4 12. Nxe4 Ndf6 13. Nc3 Nd5 1/2-1/2

[Event "FICGS class A 000131 email"]
[Site "FICGS email"]
[Date "2012.12.13"]
[Round "1"]
[White "Huerga, Aser"]
[Black "Tanda, Giovanni"]
[Result "1-0"]
[WhiteElo "2000"]
[BlackElo "2083"]
[PlyCount "67"]
[EventDate "2012.??.??"]
[EventType "tourn (corr)"]
[EventRounds "6"]
[SourceTitle "Corr 2022"]
[Source "ChessBase"]
[SourceDate "2021.10.24"]
[SourceVersion "1"]
[SourceVersionDate "2021.10.24"]
[SourceQuality "1"]

1. e4 c6 2. d4 d5 3. e5 c5 4. Nf3 Nc6 5. c4 cxd4 6. Nxd4 dxc4 7. Nxc6 Qxd1+ 8. Kxd1 bxc6 9. Bxc4 Bf5 10. Ke2 e6 11. Be3 Bb4 12. Nd2 Ne7 13. Rac1 0-0 14. Rhd1 Nd5 15. Nb3 Rfb8 16. Nd4 Nxe3 17. Kxe3 Bc5 18. Bb3 Rb5 19. Kf4 Bxd4 20. Rxd4 h6 21. h4 c5 22. Rd2 Rab8 23. g4 Bg6 24. h5 Bh7 25. Kg3 g6 26. hxg6 Bxg6 27. f4 h5 28. gxh5 Bxh5 29. Rd7 a5 30. Kh4 Be2 31. Kg5 a4 32. Kf6 Rb4 33. Rg1+ Kh8 34. Rh1+ 1-0

[Event "FICGS class A 000131 email"]
[Site "FICGS email"]
[Date "2012.12.13"]
[Round "1"]
[White "Tanda, Giovanni"]
[Black "De Waele, Willy"]
[Result "1/2-1/2"]
[WhiteElo "2083"]
[BlackElo "2040"]
[PlyCount "21"]
[EventDate "2012.??.??"]
[EventType "tourn (corr)"]
[EventRounds "6"]
[SourceTitle "Corr 2022"]
[Source "ChessBase"]
[SourceDate "2021.10.24"]
[SourceVersion "1"]
[SourceVersionDate "2021.10.24"]
[SourceQuality "1"]

1. d4 d5 2. Bf4 Nf6 3. e3 c5 4. c3 Nc6 5. Nd2 e6 6. Bd3 Bd6 7. Bxd6 Qxd6 8. f4 0-0 9. Nh3 b5 10. 0-0 b4 11. e4 1/2-1/2

[Event "FICGS theme 0001 email"]
[Site "FICGS email"]
[Date "2011.11.22"]
[Round "1"]
[White "Tanda, Giovanni"]
[Black "Ambos, Ilmar"]
[Result "0-1"]
[WhiteElo "2028"]
[BlackElo "1800"]
[PlyCount "44"]
[EventDate "2011.??.??"]
[EventType "swiss (corr)"]
[EventRounds "1"]
[SourceTitle "Corr 2013"]
[Source "ChessBase"]
[SourceDate "2012.11.12"]
[SourceVersion "1"]
[SourceVersionDate "2012.11.12"]
[SourceQuality "1"]

1. d4 Nf6 2. c4 c5 3. d5 b5 4. cxb5 a6 5. bxa6 g6 6. Nc3 Bxa6 7. g3 d6 8. Bg2 Bg7 9. Nf3 0-0 10. 0-0 Nbd7 11. Rb1 Ne8 12. Re1 Bc4 13. a3 Nc7 14. Qc2 Rb8 15. e4 Bb3 16. Qe2 c4 17. Be3 Na6 18. Nd4 Bxd4 19. Bxd4 Nac5 20. f4 Nd3 21. Rf1 N7c5 22. e5 f5 0-1